[Event "Coventry 4NCL op-B 16th"]
[Site "Coventry"]
[Date "2017.11.04"]
[Round "2"]
[White "Bennett, Dominic"]
[Black "Rowan, Daniel"]
[Result "1-0"]
[WhiteElo "1953"]
[BlackElo "1813"]
[PlyCount "93"]
[EventDate "2017.11.03"]
[EventType "swiss"]
[EventRounds "5"]
[EventCountry "ENG"]
[SourceTitle "CBM 181 Extra"]
[Source "ChessBase"]
[SourceDate "2017.12.12"]
[SourceVersion "1"]
[SourceVersionDate "2017.12.12"]
[SourceQuality "1"]

1. e4 c5 2. Nf3 e6 3. b3 d5 4. exd5 exd5 5. Bb5+ Nc6 6. Ne5 Qc7 7. Bb2 Nf6 8. Qe2 Be6 9. f4 0-0-0 10. Bxc6 bxc6 11. Qa6+ Qb7 12. Qxc6+ Qxc6 13. Nxc6 Rd7 14. 0-0 Bf5 15. Na3 Bd6 16. Be5 Kb7 17. Bxd6 Kxc6 18. Be5 Ne8 19. Bb2 f6 20. Rae1 Nd6 21. d3 Re8 22. Rxe8 Nxe8 23. Re1 Nc7 24. g3 Rd6 25. Kg2 Re6 26. Rxe6+ Bxe6 27. Kf3 Nb5 28. Nb1 h5 29. Nd2 Nd6 30. Kf2 c4 31. dxc4 dxc4 32. Ba3 cxb3 33. cxb3 Nb5 34. Bf8 g6 35. Ne4 f5 36. Nc5 Bd5 37. Ke3 Nc3 38. Kd4 Nxa2 39. Ke5 Nc1 40. b4 Ne2 41. b5+ Kxb5 42. Kxd5 h4 43. gxh4 Nxf4+ 44. Ke5 Ng2 45. Be7 Nxh4 46. Bxh4 Kxc5 47. Bf2+ 1-0

[Event "Newport Pagnell 4NCL op 11th"]
[Site "Newport Pagnell"]
[Date "2016.11.05"]
[Round "2.17"]
[White "Clarke, Brandon GI"]
[Black "Rowan, Daniel"]
[Result "1-0"]
[WhiteElo "2288"]
[BlackElo "1818"]
[PlyCount "61"]
[EventDate "2016.11.04"]
[EventType "swiss"]
[EventRounds "5"]
[EventCountry "ENG"]
[SourceTitle "EXT 2023"]
[Source "ChessBase"]
[SourceDate "2022.10.05"]
[SourceVersion "1"]
[SourceVersionDate "2022.10.05"]
[SourceQuality "1"]

1. e4 c5 2. Nf3 e6 3. d4 cxd4 4. Nxd4 Nc6 5. Nc3 Qc7 6. Be3 a6 7. Qd2 Nf6 8. 0-0-0 Be7 9. f3 h5 10. Nb3 d6 11. Kb1 b5 12. Bxb5 axb5 13. Nxb5 Qb8 14. Nxd6+ Qxd6 15. Qxd6 Bxd6 16. Rxd6 Nb4 17. a3 Na6 18. Rhd1 0-0 19. Bg5 Ra7 20. c4 Rc7 21. Na5 Nc5 22. Bxf6 gxf6 23. b4 Na4 24. Kc2 Ra7 25. Rd8 Ba6 26. Rxf8+ Kxf8 27. Rd8+ Kg7 28. Kb3 Nb6 29. c5 Na8 30. Nc6 Rc7 31. Nd4 1-0

[Event "Crawley e2e4 Gatwick Challenger op 10"]
[Site "Crawley"]
[Date "2016.10.28"]
[Round "5"]
[White "Jones, Steven"]
[Black "Rowan, Daniel"]
[Result "1-0"]
[WhiteElo "2215"]
[BlackElo "1818"]
[PlyCount "89"]
[EventDate "2016.10.26"]
[EventType "swiss"]
[EventRounds "9"]
[EventCountry "ENG"]
[SourceTitle "EXT 2019"]
[Source "ChessBase"]
[SourceDate "2018.10.10"]
[SourceVersion "1"]
[SourceVersionDate "2018.10.10"]
[SourceQuality "1"]

1. e4 c5 2. Nf3 e6 3. d4 cxd4 4. Nxd4 Nc6 5. Nc3 Qc7 6. Be3 a6 7. Qf3 Ne5 8. Qg3 h5 9. Nf5 g6 10. Bd4 d6 11. f4 exf5 12. fxe5 h4 13. Nd5 Qxc2 14. Qd3 Qxd3 15. Bxd3 Kd8 16. exd6 Rh5 17. Nc7 Rb8 18. Ba7 Bxd6 19. Bxb8 Bxc7 20. Bxc7+ Kxc7 21. exf5 Bxf5 22. Rc1+ Kd6 23. Bxf5 Rxf5 24. Rf1 Re5+ 25. Kf2 f5 26. Rfd1+ Ke6 27. Rc7 Rb5 28. b3 Nf6 29. Rg7 Ne4+ 30. Ke3 Kf6 31. Rdd7 Ra5 32. a4 b5 33. Rgf7+ Ke6 34. Rfe7+ Kf6 35. Rxe4 fxe4 36. Rd5 Ke6 37. Kxe4 Kf6 38. Kf4 Ke6 39. Rc5 Kd6 40. Rg5 Kc6 41. Kg4 Kb6 42. Rxg6+ Kc5 43. Kxh4 Kb4 44. axb5 Rxb5 45. Rg3 1-0

[Event "Crawley e2e4 Gatwick Challenger op 10"]
[Site "Crawley"]
[Date "2016.10.26"]
[Round "1"]
[White "Rowan, Daniel"]
[Black "Dixit, Kumar"]
[Result "0-1"]
[WhiteElo "1818"]
[BlackElo "2012"]
[PlyCount "30"]
[EventDate "2016.10.26"]
[EventType "swiss"]
[EventRounds "9"]
[EventCountry "ENG"]
[SourceTitle "EXT 2019"]
[Source "ChessBase"]
[SourceDate "2018.10.10"]
[SourceVersion "1"]
[SourceVersionDate "2018.10.10"]
[SourceQuality "1"]

1. c4 c6 2. Nf3 d5 3. e3 Nf6 4. Qc2 Bg4 5. Ne5 Bh5 6. Nc3 e6 7. d4 Nbd7 8. cxd5 exd5 9. Qf5 Nxe5 10. Qxe5+ Be7 11. Bd3 Bg6 12. Bxg6 hxg6 13. 0-0 Kf8 14. h3 Bd6 15. Qg5 Rh5 0-1

[Event "Reykjavik op"]
[Site "Reykjavik"]
[Date "2016.03.14"]
[Round "8"]
[White "Davidsson, Joshua"]
[Black "Rowan, Daniel"]
[Result "0-1"]
[WhiteElo "1411"]
[BlackElo "1801"]
[PlyCount "86"]
[EventDate "2016.03.08"]
[EventType "swiss"]
[EventRounds "10"]
[EventCountry "ISL"]
[SourceTitle "CBM 171 Extra"]
[Source "ChessBase"]
[SourceDate "2016.04.26"]
[SourceVersion "1"]
[SourceVersionDate "2016.04.26"]
[SourceQuality "1"]

1. e4 c5 2. Nf3 e6 3. d4 cxd4 4. Nxd4 Nc6 5. Nxc6 bxc6 6. Nc3 Nf6 7. Bd3 Qc7 8. Bg5 Bd6 9. Bxf6 gxf6 10. g3 Rb8 11. Rb1 h5 12. 0-0 h4 13. Qg4 Bb7 14. Qe2 Ke7 15. f4 hxg3 16. hxg3 Rbg8 17. Qe3 a6 18. Rbe1 c5 19. Bc4 Kf8 20. Re2 Rh3 21. Rg2 f5 22. Rff2 Be7 23. exf5 Rgxg3 24. Qxg3 Rxg3 25. Rxg3 Bh4 26. Ne2 Qc6 27. Rh2 Bxg3 28. Nxg3 Qf3 29. Nf1 Qg4+ 30. Kf2 Qxf4+ 31. Ke1 Qxc4 32. f6 Qe4+ 33. Re2 Qh4+ 34. Rf2 Be4 35. c3 Bf5 36. Ne3 Qxf6 37. Nc4 d5 38. Nb6 Ke7 39. Re2 Qh4+ 40. Kd2 Qf4+ 41. Re3 Kd6 42. Nc8+ Kc7 43. Ne7 d4 0-1

[Event "Reykjavik op"]
[Site "Reykjavik"]
[Date "2016.03.09"]
[Round "3"]
[White "Bruun, Henrik Emil"]
[Black "Rowan, Daniel"]
[Result "1-0"]
[WhiteElo "2123"]
[BlackElo "1801"]
[PlyCount "37"]
[EventDate "2016.03.08"]
[EventType "swiss"]
[EventRounds "10"]
[EventCountry "ISL"]
[SourceTitle "CBM 171 Extra"]
[Source "ChessBase"]
[SourceDate "2016.04.26"]
[SourceVersion "1"]
[SourceVersionDate "2016.04.26"]
[SourceQuality "1"]

1. e4 c5 2. Nf3 e6 3. d4 cxd4 4. Nxd4 Nc6 5. Nc3 Qc7 6. f4 a6 7. Nxc6 bxc6 8. Bd3 Nf6 9. 0-0 Bc5+ 10. Kh1 h5 11. e5 Ng4 12. Ne4 Bb6 13. Qe2 d5 14. Nd6+ Ke7 15. f5 Qa7 16. Bg5+ Kf8 17. Nxc8 Rxc8 18. fxe6 f6 19. exf6 1-0

[Event "Birmingham 4NCL op-A 7th"]
[Site "Birmingham"]
[Date "2016.01.30"]
[Round "3"]
[White "Rowan, Daniel"]
[Black "Jayawarna, Nugith"]
[Result "1/2-1/2"]
[WhiteElo "1810"]
[BlackElo "1962"]
[PlyCount "128"]
[EventDate "2016.01.29"]
[EventType "swiss"]
[EventRounds "5"]
[EventCountry "ENG"]
[SourceTitle "CBM 170 Extra"]
[Source "ChessBase"]
[SourceDate "2016.02.25"]
[SourceVersion "1"]
[SourceVersionDate "2016.02.25"]
[SourceQuality "1"]

1. d4 Nf6 2. Bg5 Ne4 3. Bf4 d5 4. e3 c5 5. Bd3 Nf6 6. c3 Qb6 7. Qb3 c4 8. Qxb6 axb6 9. Bc2 Nc6 10. Nd2 e6 11. Ngf3 Be7 12. 0-0 0-0 13. a4 Bd7 14. Rfe1 Nh5 15. Bc7 Ra6 16. h3 Rc8 17. Bh2 Rca8 18. e4 Bf8 19. exd5 exd5 20. b4 Nd8 21. g4 Nf6 22. Ne5 Bxa4 23. Bxa4 Rxa4 24. Rxa4 Rxa4 25. g5 Nh5 26. Nd7 Ne6 27. Nxb6 Ra2 28. Nf3 Nhf4 29. Bxf4 Nxf4 30. Re8 Nxh3+ 31. Kh2 Nf4 32. Ne5 f6 33. Nbd7 Ne6 34. gxf6 gxf6 35. Nxf6+ Kg7 36. Nxd5 Ng5 37. Kg2 Ne4 38. Nxc4 Nxf2 39. Kf3 Nd1 40. Rb8 Nxc3 41. Rxb7+ Kh6 42. Nxc3 Rc2 43. Ke4 Rxc3 44. Ne5 Rb3 45. b5 Rb1 46. b6 Kg5 47. Rf7 Ba3 48. b7 h5 49. Nc6 Bd6 50. Kd5 Bg3 51. Rg7+ Kh4 52. Ne5 Bf2 53. Kc6 Kh3 54. Nf3 Bg3 55. Ne5 Bf2 56. d5 Bg3 57. Rxg3+ Kxg3 58. Ng6 Rc1+ 59. Kd7 Rb1 60. Kc8 Rc1+ 61. Kd7 Rb1 62. Kc7 Rc1+ 63. Kb8 Rd1 64. Kc7 Rc1+ 1/2-1/2

[Event "Birmingham 4NCL op-A 3rd"]
[Site "Birmingham"]
[Date "2015.07.19"]
[Round "4"]
[White "Rowan, Daniel"]
[Black "Mason, Donald"]
[Result "1/2-1/2"]
[WhiteElo "1772"]
[BlackElo "2145"]
[PlyCount "177"]
[EventDate "2015.07.17"]
[EventType "swiss"]
[EventRounds "5"]
[EventCountry "ENG"]
[SourceTitle "CBM 167 Extra"]
[Source "ChessBase"]
[SourceDate "2015.09.14"]
[SourceVersion "1"]
[SourceVersionDate "2015.09.14"]
[SourceQuality "1"]

1. d4 d5 2. c4 e5 3. dxe5 d4 4. Nf3 Nc6 5. a3 a5 6. e3 Bc5 7. exd4 Bxd4 8. Be2 Be6 9. 0-0 Nge7 10. Nbd2 Bxe5 11. Nxe5 Nxe5 12. f4 Qd4+ 13. Kh1 Nd3 14. Bxd3 Qxd3 15. Rf3 Qd4 16. Qf1 Rd8 17. f5 Nxf5 18. Rxf5 Bxf5 19. Qxf5 Qxc4 20. Qe5+ Qe6 21. Qxe6+ fxe6 22. Kg1 0-0 23. Nf3 Rd1+ 24. Kf2 e5 25. Ke2 Rh1 26. h3 e4 27. Ne1 Rhf1 28. Be3 R1f5 29. b4 Ra8 30. Rc1 axb4 31. axb4 Ra2+ 32. Rc2 Rxc2+ 33. Nxc2 Rd5 34. Bd4 b6 35. Ke3 c5 36. bxc5 bxc5 37. Kxe4 Rg5 38. Be3 Rxg2 39. Ne1 Rh2 40. Nf3 Rxh3 41. Bxc5 h6 42. Kf4 Rh5 43. Be3 Rb5 44. Bd2 g6 45. Kg4 Kh7 46. Nd4 Rd5 47. Be3 g5 48. Nf5 Ra5 49. Bxg5 hxg5 50. Kxg5 Ra1 51. Kf6 Rg1 52. Ke6 Kg6 53. Ne7+ Kg5 54. Nd5 Re1+ 55. Kd6 Kf5 56. Ne7+ Kf6 57. Nd5+ Kf7 58. Nc7 Rd1+ 59. Nd5 Rd2 60. Ke5 Re2+ 61. Kd6 Re6+ 62. Kc5 Rh6 63. Kd4 Ke6 64. Nf4+ Kd6 65. Ke4 Rf6 66. Nd3 Re6+ 67. Kd4 Rh6 68. Ke4 Rh5 69. Kd4 Rh4+ 70. Ke3 Kd5 71. Nf4+ Kc4 72. Ke4 Rh8 73. Ng6 Re8+ 74. Ne5+ Kc5 75. Kf5 Kd4 76. Ng4 Rf8+ 77. Nf6 Ra8 78. Ng4 Ra1 79. Nf6 Rg1 80. Ke6 Rg5 81. Nd7 Rh5 82. Nf6 Ra5 83. Nd7 Rb5 84. Nf6 Re5+ 85. Kd6 Re1 86. Nd7 Rh1 87. Ke6 Rh2 88. Nf6 Rh6 89. Kf5 1/2-1/2

[Event "Birmingham 4NCL op-A 3rd"]
[Site "Birmingham"]
[Date "2015.07.17"]
[Round "1"]
[White "Rowan, Daniel"]
[Black "Fegan, Chris"]
[Result "1/2-1/2"]
[WhiteElo "1772"]
[BlackElo "2090"]
[PlyCount "76"]
[EventDate "2015.07.17"]
[EventType "swiss"]
[EventRounds "5"]
[EventCountry "ENG"]
[SourceTitle "CBM 167 Extra"]
[Source "ChessBase"]
[SourceDate "2015.09.14"]
[SourceVersion "1"]
[SourceVersionDate "2015.09.14"]
[SourceQuality "1"]

1. d4 g6 2. e4 d6 3. Nc3 Nf6 4. Be3 a6 5. a4 Bg7 6. h4 Nc6 7. f3 h5 8. Qd2 Bd7 9. Bc4 0-0 10. Nge2 e5 11. 0-0-0 b5 12. axb5 axb5 13. Bxb5 Nb4 14. Bc4 Bb5 15. Bb3 Bxe2 16. Qxe2 Nd7 17. d5 Ra5 18. g4 Nc5 19. Bxc5 Rxc5 20. gxh5 Qa8 21. Kd2 gxh5 22. Rhg1 Qd8 23. Qg2 Qf6 24. Qg5 Kh7 25. Qxh5+ Bh6+ 26. Ke2 c6 27. Qf5+ Qxf5 28. exf5 cxd5 29. Nxd5 Nxc2 30. Nf6+ Kh8 31. Nd7 Nd4+ 32. Rxd4 exd4 33. Nxf8 Bxf8 34. Bxf7 Bg7 35. Bg6 Rc2+ 36. Kd3 Rxb2 37. Rc1 Rb3+ 38. Ke4 Rc3 1/2-1/2

[Event "BCF-chT3 1415 (4NCL)"]
[Site "England"]
[Date "2015.05.03"]
[Round "10.22"]
[White "Rowan, Daniel"]
[Black "Mallon, Gunnar"]
[Result "1/2-1/2"]
[WhiteElo "1768"]
[BlackElo "1702"]
[PlyCount "52"]
[EventDate "2015.03.21"]
[EventType "team-swiss"]
[EventRounds "11"]
[EventCountry "ENG"]
[SourceTitle "EXT 2016"]
[Source "ChessBase"]
[SourceDate "2015.10.08"]
[SourceVersion "1"]
[SourceVersionDate "2015.10.08"]
[SourceQuality "1"]
[WhiteTeam "Banbury Bulldogs"]
[BlackTeam "BCM Hippos III"]
[WhiteTeamCountry "ENG"]
[BlackTeamCountry "ENG"]

1. g4 d5 2. Bg2 Bxg4 3. c4 c6 4. cxd5 Nf6 5. Qb3 Qb6 6. Nc3 Bd7 7. d3 Nxd5 8. Nxd5 Qxb3 9. axb3 cxd5 10. Bxd5 Bc6 11. Bf3 e6 12. Be3 Bb4+ 13. Kd1 a5 14. Bxc6+ Nxc6 15. Nf3 Ne7 16. Rg1 Rg8 17. Rg4 Nd5 18. Bh6 g6 19. Bd2 Ke7 20. Rc4 Bxd2 21. Kxd2 Kd6 22. Nd4 Kd7 23. Rac1 Rac8 24. Nf3 f6 25. Nd4 e5 26. Nb5 Rxc4 1/2-1/2

[Event "Birmingham 4NCL op 1st"]
[Site "Birmingham"]
[Date "2015.02.01"]
[Round "4"]
[White "Garnett, John S"]
[Black "Rowan, Daniel"]
[Result "1-0"]
[WhiteElo "1999"]
[BlackElo "1777"]
[PlyCount "85"]
[EventDate "2015.01.30"]
[EventType "swiss"]
[EventRounds "5"]
[EventCountry "ENG"]
[SourceTitle "EXT 2023"]
[Source "ChessBase"]
[SourceDate "2022.10.05"]
[SourceVersion "1"]
[SourceVersionDate "2022.10.05"]
[SourceQuality "1"]

1. c4 c5 2. Nf3 e6 3. d4 d5 4. cxd5 exd5 5. Nc3 Nc6 6. g3 Nf6 7. Bg2 Be7 8. 0-0 0-0 9. dxc5 Bxc5 10. Bg5 d4 11. Bxf6 Qxf6 12. Ne4 Qe7 13. Nxc5 Qxc5 14. Rc1 Qb6 15. Qc2 h6 16. Nd2 Be6 17. Nc4 Qc5 18. b3 Rac8 19. Qb2 Rfd8 20. Nd2 Qe7 21. Rfd1 d3 22. exd3 Rxd3 23. Ne4 Rxd1+ 24. Rxd1 Rd8 25. Rxd8+ Qxd8 26. h3 Qd1+ 27. Kh2 Bd5 28. Qd2 Qxd2 29. Nxd2 Bxg2 30. Kxg2 Kf8 31. Kf3 Ke7 32. Ke4 Ke6 33. g4 b5 34. Nf3 Kd6 35. Nd4 Nxd4 36. Kxd4 g5 37. b4 a6 38. a3 Kd7 39. Kd5 Kc7 40. Kc5 Kb7 41. Kd6 a5 42. Kc5 axb4 43. axb4 1-0

[Event "Birmingham 4NCL op 1st"]
[Site "Birmingham"]
[Date "2015.02.01"]
[Round "5"]
[White "Rowan, Daniel"]
[Black "Bramson, Mike"]
[Result "1-0"]
[WhiteElo "1777"]
[BlackElo "1830"]
[PlyCount "77"]
[EventDate "2015.01.30"]
[EventType "swiss"]
[EventRounds "5"]
[EventCountry "ENG"]
[SourceTitle "EXT 2023"]
[Source "ChessBase"]
[SourceDate "2022.10.05"]
[SourceVersion "1"]
[SourceVersionDate "2022.10.05"]
[SourceQuality "1"]

1. d4 d5 2. Bg5 Nf6 3. Bxf6 exf6 4. e3 Bf5 5. g3 Bd6 6. Bg2 c6 7. Ne2 Qd7 8. Nd2 Na6 9. a3 Nc7 10. c4 Bh3 11. 0-0 h5 12. c5 Be7 13. Bxh3 Qxh3 14. Nf4 Qf5 15. Qe2 0-0-0 16. b4 g5 17. Ng2 h4 18. g4 Qd7 19. h3 f5 20. f3 Bf6 21. Qd3 f4 22. exf4 Ne6 23. Nb3 gxf4 24. a4 Qc7 25. b5 Kb8 26. Ne1 Ng5 27. Kg2 Rhe8 28. Nc2 Ne4 29. bxc6 bxc6 30. Nb4 Ka8 31. Na6 Qd7 32. fxe4 dxe4 33. Qc4 f3+ 34. Kh1 Rg8 35. Rab1 Rc8 36. Na5 Bd8 37. Rb7 Bc7 38. Rfb1 Rxg4 39. Nxc7+ 1-0

[Event "BCF-ch Soanes op"]
[Site "Aberystwyth"]
[Date "2014.07.27"]
[Round "4"]
[White "Zigmond, Andrew"]
[Black "Rowan, Daniel"]
[Result "0-1"]
[WhiteElo "132"]
[BlackElo "133"]
[PlyCount "60"]
[EventDate "2014.07.25"]
[EventType "tourn"]
[EventRounds "5"]
[EventCountry "WLS"]
[SourceTitle "EXT 2017"]
[Source "ChessBase"]
[SourceDate "2016.10.25"]
[SourceVersion "1"]
[SourceVersionDate "2016.10.25"]
[SourceQuality "1"]

1. e4 c5 2. Nf3 e6 3. d4 cxd4 4. Nxd4 Nc6 5. Be3 Qc7 6. Nc3 a6 7. Be2 Nf6 8. f3 b5 9. Nxc6 dxc6 10. 0-0 Bd6 11. f4 Be7 12. Bf3 Bb7 13. e5 Nd5 14. Nxd5 cxd5 15. Qd2 b4 16. f5 exf5 17. Bxd5 Rd8 18. Bxf7+ Kxf7 19. Rxf5+ Ke6 20. Qf2 Be4 21. Bb6 Qxc2 22. Bxd8 Bc5 23. Bg5 Bxf5 24. Be3 Qxf2+ 25. Bxf2 Bxf2+ 26. Kxf2 Rc8 27. Re1 Rc2+ 28. Re2 Rxe2+ 29. Kxe2 Kxe5 30. Ke3 a5 0-1

[Event "High Wycombe e2e4 Challengers op 03"]
[Site "High Wycombe"]
[Date "2014.03.15"]
[Round "3"]
[White "Sagyaman, Francis William"]
[Black "Rowan, Daniel"]
[Result "1-0"]
[WhiteElo "2048"]
[BlackElo "1700"]
[PlyCount "29"]
[EventDate "2014.03.14"]
[EventType "swiss"]
[EventRounds "5"]
[EventCountry "ENG"]
[SourceTitle "EXT 2015"]
[Source "ChessBase"]
[SourceDate "2014.11.20"]
[SourceVersion "1"]
[SourceVersionDate "2014.11.20"]
[SourceQuality "1"]

1. e4 c5 2. Nf3 e6 3. d4 cxd4 4. c3 Nf6 5. e5 Nd5 6. c4 Nb6 7. Nxd4 Qc7 8. f4 d6 9. Nb5 Qc6 10. exd6 Na6 11. Qd4 Kd7 12. Be3 Bxd6 13. Qxg7 Re8 14. N1c3 e5 15. 0-0-0 1-0